000 00885nam a22002057a 4500
999 _c370987
_d370987
008 201130b ||||| |||| 00| 0 eng d
040 _bger
_cSTAFF
_erda
_aSTAFF
100 _aGutke, Thomas
245 _aWie im Stadtarchiv an das Halbleiterwerk erinnert wird.
_bIndustriegeschichte: Am Sonntag wurde die in Kooperation mit der Europa-Universität erarbeitete Ausstellung zum HFO eröffnet. Der Andrang war groß./
_cThomas Gutke
653 _aFrankfurt (Oder)
653 _aEuropa-Universität Viadrina
653 _aStadtarchiv Frankfurt (Oder)
653 _aHalbleiterwerk Frankfurt (Oder)
653 _aAusstellungseröffnung
773 _dFrankfurt (Oder): Märkisches Verlags- und Druckhaus GmbH & Co KG
_g32. Jahrgang (2021) Nr. 244 vom 19.10.2021, S. 16
_tMärkische Oderzeitung
942 _cA